000 01184nam a2200277 a 4500
001 79477
003 BD-RjUL
005 20220703135549.0
008 220302s2014eng |||a|||| m||| 00| 0 eng d
035 _a(BD-RjUL)79477
040 _aBD-RjUL
_beng
_cBD-RjUL
_dBD-RjUL
041 _aeng
082 _a338.95492
_bISC 2014
_223
100 _aIslam, Md. Monarul
_91646
245 0 1 _aContribution of Palli Daridro Bimochon Foundation Activities on Socio-Economic Development of the Beneficaries in Bangladesh /
_cBy Md. Monarul Islam ;
_6Supervisor: M. A. Baree ; Co-Supervisor: Md. Sekender Ali
260 _aRajshahi :
_bDepartment of Crop Science and Technology, University of Rajshahi,
_c2014
300 _axxxi, 300 Leaves :
_bill. ;
_c29 cm.
502 _aThesis (Ph. D.) -- Department of Crop Science and Technology, University of Rajshahi, 2014
504 _aReferences : Leaves [230]-268
650 _aEconomic development
_zBangladesh.
651 _aBangladesh
_xEconomic conditions.
_92575
651 _aBangladesh
_xSocial conditions.
_92559
700 _aBaree, M. A. , Supervisor
_91648
700 _aAli, Md. Sekender, Co-Supervisor
_91649
942 _2ddc
_cTHE
999 _c79477
_d79477